Egy megjegyzés a kommunizmus forma-kérdéséhez
Elmentve itt :
| Szerző: | |
|---|---|
| Adatforrás: | Philobibl |
| Forrásdokumentuma: | Tájékoztató 1988/5., 49-56. p. |
| Dokumentumtípus: | Cikk |
| Nyelv: | magyar |
| LEADER | 00307nab a2200097 c 4500 | ||
|---|---|---|---|
| 001 | bibDOK00004120 | ||
| 005 | 20200924120019.6 | ||
| 008 | 060518s1988 xx hun | ||
| 100 | 1 | |a Törőcsik Miklós | |
| 245 | 1 | 4 | |a Egy megjegyzés a kommunizmus forma-kérdéséhez |c Törőcsik Miklós |
| 773 | 0 | |t Tájékoztató |g 1988/5., 49-56. p. | |